Cost-Benefit Analysis of Borrower-Based Measures in Slovakia
Gespeichert in:
| 1. Verfasser: | |
|---|---|
| Weitere Verfasser: | , |
| Format: | Buchkapitel |
| Tags: |
Keine Tags, Fügen Sie das erste Tag hinzu!
|
MARC
| LEADER | 00000naa a2200000 4500 | ||
|---|---|---|---|
| 001 | 0311755 | ||
| 005 | 20250731073445.4 | ||
| 044 | |a SK | ||
| 245 | 1 | 0 | |a Cost-Benefit Analysis of Borrower-Based Measures in Slovakia |c Martin Cesnak, Ján Klacso |
| 100 | 1 | |a Cesnak, Martin, 1994- | |
| 700 | 1 | |a Klacso, Ján | |
| 700 | 1 | |a Vasiľ, Roman | |